LIBRARY & INFORMATION CENTRE, KCAET, TAVANUR

ONLINE PUBLIC ACCESS CATALOGUE (OPAC)

Old Kettle / (Record no. 12697)

MARC details
000 -LEADER
fixed length control field 00393cam a2200169ua 4500
041 ## - LANGUAGE CODE
Language code of text/sound track or separate title eng
082 ## - DEWEY DECIMAL CLASSIFICATION NUMBER
Classification number 823.301
Item number TAY/OL
100 ## - MAIN ENTRY--AUTHOR NAME
Personal name Taylor, Jenny.
245 ## - TITLE STATEMENT
Title Old Kettle /
250 ## - EDITION STATEMENT
Edition statement 1 /
260 ## - PUBLICATION, DISTRIBUTION, ETC. (IMPRINT)
Place of publication London :
Name of publisher Longman ,
Year of publication 1962.
300 ## - PHYSICAL DESCRIPTION
Number of Pages 16 ; .
700 1# - ADDED ENTRY--PERSONAL NAME
Personal name Ingleby, Terry .
942 ## - ADDED ENTRY ELEMENTS (KOHA)
Koha item type Books
Holdings
Withdrawn status Lost status Damaged status Home library Current library Date acquired Full call number Accession Number Koha item type
Withdrawn     KAUAET KAUAET 07/04/2012 823.301 12324 Books
free website counter